000 00292nam a2200121Ia 4500
008 190902s9999||||xx |||||||||||||| ||und||
020 _a273601105
100 _aHyland,Bruce
245 0 _aMore Reflections for Manager
260 _aNew york
_bMcGrW-Hill,INC
_c1996
300 _a145
942 _cBK
999 _c2692
_d2692